000 00567nam a2200229Ia 4500
003 OSt
005 20220924150029.0
006 a|||||r|||| 00| 0
007 ta
008 220923b |||||||| |||| 00| 0 tel d
024 _a331401
037 _cTextual
040 _aARTS
_cARTS
_btel
041 _2tel
_atel
082 _aO35:gx, M1
100 _aRanganadhachayulu
_9221111
245 0 _aTelugu sahitya
260 _c1981
650 _aTELUGU LITERATURE
942 _hO35:gx, M1
_cTEXL
_2CC
999 _c461992
_d461992